[Event "Sygnity Ekstraliga 2016"]
[Site "Gorzow Wlkp. - Wroclaw - Katowice"]
[Date "1899-12-30"]
[Round "1.1"]
[White "Tomczak, Jacek"]
[Black "Swiercz, Dariusz"]
[Result "1/2-1/2"]
[WhiteTitle "GM"]
[BlackTitle "GM"]
[WhiteElo "2588"]
[BlackElo "2645"]

1. e4 c5 2. Nf3 d6 3. d4 cxd4 4. Nxd4 Nf6 5. Nc3 a6 6. Bg5 Nbd7 7. Bc4 Qb6 8. Bb3
e6 9. Bxf6 Nxf6 10. Qd2 Nd7 11. f4 Nc5 12. f5 Bd7 13. fxe6 fxe6 14. e5 dxe5 15.
Nf3 O-O-O 16. O-O-O Nxb3+ 17. axb3 Bc5 18. Qe2 Bc6 19. Nxe5 Qc7 20. Nxc6 Qxc6
21. Rxd8+ Rxd8 22. Re1 Kb8 23. Ne4 Bb4 24. Rd1 Rd5 25. Qg4 Ka7 26. Nf2 Rxd1+ 27.
Nxd1 Qd6 28. Kb1 Bc5 29. h3 Qd2 30. Nc3 Bd4 31. Ne4 1/2-1/2

[Event "Sygnity Ekstraliga 2016"]
[Site "Gorzow Wlkp. - Wroclaw - Katowice"]
[Date "1899-12-30"]
[Round "1.3"]
[White "Czarnota, Pawel"]
[Black "Sadzikowski, Daniel"]
[Result "1/2-1/2"]
[WhiteTitle "GM"]
[BlackTitle "IM"]
[WhiteElo "2537"]
[BlackElo "2548"]

1. e4 e5 2. Nf3 Nc6 3. Bb5 a6 4. Bxc6 dxc6 5. O-O Bd6 6. d4 exd4 7. Qxd4 f6 8.
Re1 Ne7 9. e5 fxe5 10. Nxe5 O-O 11. Nc3 Be6 12. Bf4 Rxf4 13. Qxf4 Ng6 14. Qg3
Nxe5 15. Rxe5 Bf5 16. Nb5 Bxe5 17. Qxe5 Qd7 18. Nd4 Re8 19. Qc5 Bg6 20. f3 b6
21. Qc4+ Qd5 22. Qxd5+ cxd5 23. Rd1 c5 24. Nb3 Bxc2 25. Rxd5 Bxb3 26. axb3 Re2
27. Rd6 Rxb2 28. Rxb6 c4 29. h4 a5 30. Ra6 c3 31. Rc6 Rxb3 32. Kf2 a4 33. Ke3
a3 34. Kd3 a2 35. Ra6 Rb2 36. Kxc3 Rxg2 37. Kd4 Kf7 38. Ke5 Re2+ 39. Kf5 Ke7 40.
f4 Rg2 41. h5 h6 42. Ke5 Kd7 43. Kf5 Kc7 44. Ke6 Kb7 45. Ra3 Kc6 46. f5 Kc5 47.
Kf7 Kb4 48. Ra7 Kb3 49. Rb7+ Kc2 50. Ra7 Kb1 51. Rb7+ Ka1 52. Kg8 Rg5 53. Rb5
Rg1 54. Rb7 1/2-1/2

[Event "Sygnity Ekstraliga 2016"]
[Site "Gorzow Wlkp. - Wroclaw - Katowice"]
[Date "1899-12-30"]
[Round "1.4"]
[White "Mastrovasilis, Dimitrios"]
[Black "Warakomski, Tomasz"]
[Result "1/2-1/2"]
[WhiteTitle "GM"]
[BlackTitle "IM"]
[WhiteElo "2606"]
[BlackElo "2486"]

1. e4 c5 2. Nf3 e6 3. d4 cxd4 4. Nxd4 Nc6 5. Nb5 d6 6. Bf4 e5 7. Be3 a6 8. N5c3
Nf6 9. Bc4 Be7 10. Nd5 Nxd5 11. Bxd5 O-O 12. O-O Bg5 13. Bxg5 Qxg5 14. Kh1 Bd7
15. Na3 Rad8 16. Nc4 Be6 17. Ne3 Qe7 18. c3 Qd7 19. Qb3 Bxd5 20. Nxd5 Ne7 21.
Rad1 Kh8 22. Qb6 f5 23. Nxe7 Qxe7 24. exf5 Rxf5 25. Rd5 Rd7 26. Rfd1 h6 27. Kg1
Rf6 28. c4 Qf8 29. h3 Rg6 30. Qe3 Rc7 31. Qd3 Rf6 32. Rxd6 Rxd6 33. Qxd6 Qxd6
34. Rxd6 Rxc4 35. Rb6 Rc7 36. Kf1 h5 37. Ke2 Kh7 38. Ke3 g6 39. h4 Kh6 40. g3
Rf7 41. f3 Re7 42. Ke4 Rf7 43. a4 Re7 44. a5 Rc7 45. b4 Re7 46. g4 hxg4 47. fxg4
Kg7 48. g5 Kf7 49. Rd6 Kg7 50. Rd5 Kf8 51. Rxe5 Rh7 52. Kd5 Rxh4 53. Kc5 Rf4 54.
b5 axb5 55. Kb6 b4 56. Kxb7 b3 57. Re1 b2 58. Rb1 Rb4+ 59. Kc6 Ke7 60. a6 Rb3
61. a7 Ra3 62. Kb6 Rb3+ 63. Kc5 Ra3 64. Kb6 Rb3+ 65. Kc6 Ra3 66. Kb7 Rb3+ 67.
Kc6 Ra3 68. Kb6 1/2-1/2

[Event "Sygnity Ekstraliga 2016"]
[Site "Gorzow Wlkp. - Wroclaw - Katowice"]
[Date "1899-12-30"]
[Round "1.5"]
[White "Szelag, Marcin"]
[Black "Wieczorek, Oskar"]
[Result "0-1"]
[WhiteTitle "IM"]
[BlackTitle "IM"]
[WhiteElo "2441"]
[BlackElo "2432"]

1. e4 c5 2. Nf3 d6 3. d4 cxd4 4. Nxd4 Nf6 5. Nc3 a6 6. Be3 e6 7. f3 h5 8. Qd2 Nbd7
9. Bd3 Qc7 10. O-O-O b5 11. a3 Bb7 12. Rhe1 Be7 13. h3 h4 14. Bg5 Qb6 15. Bf1
Rc8 16. f4 Nc5 17. Qe3 Rh5 18. Kb1 Nfxe4 19. Nxe4 Bxe4 20. Bxe7 Kxe7 21. Be2 Rh6
22. f5 e5 23. Bf3 d5 24. Bxe4 Nxe4 25. Nf3 Qxe3 26. Rxe3 f6 27. Rxd5 Nd6 28. Re2
Rh5 29. a4 bxa4 30. Ra5 Rc4 31. Rxa6 Nxf5 32. Ra7+ Ke6 33. Nd2 Rf4 34. Ne4 Ng3
35. Nxg3 hxg3 36. Rxg7 Rf2 37. Re3 Rxg2 38. Rgxg3 Rxg3 39. Rxg3 f5 40. Kc1 f4
41. Ra3 Kf5 42. Kd2 e4 43. c4 e3+ 44. Kd3 Rh8 45. c5 Rd8+ 46. Ke2 Rd2+ 47. Ke1
Rxb2 48. Rxa4 f3 49. Ra1 Rh2 0-1

[Event "Sygnity Ekstraliga 2016"]
[Site "Gorzow Wlkp. - Wroclaw - Katowice"]
[Date "1899-12-30"]
[Round "1.6"]
[White "Zawadzka, Jolanta"]
[Black "Warakomska, Anna"]
[Result "0-1"]
[WhiteTitle "WGM"]
[BlackTitle "WIM"]
[WhiteElo "2442"]
[BlackElo "2300"]

1. e4 c5 2. Nf3 e6 3. d4 cxd4 4. Nxd4 Nc6 5. Nc3 Qc7 6. f4 a6 7. Nxc6 bxc6 8. e5
d5 9. exd6 Bxd6 10. Ne4 Be7 11. Bd3 Nf6 12. O-O O-O 13. Qe2 Nxe4 14. Bxe4 Rb8
15. Be3 c5 16. b3 g6 17. Rad1 Bb7 18. Qc4 Bxe4 19. Qxe4 c4 20. Rd4 cxb3 21. Rc4
Qa5 22. axb3 Rfc8 23. Rd1 Bc5 24. Bxc5 Rxc5 25. Rcd4 Qc3 26. R1d2 Kg7 27. h3 a5
28. R4d3 Qa1+ 29. Kh2 Rb4 30. Qe3 Rf5 31. Rd4 Rb8 32. Qd3 h5 33. Qa6 Qe1 34. Re2
Qh4 35. Qd6 Rb7 36. Ra4 Qf6 37. Rd2 Rbb5 38. Qd3 Rb4 39. Rxb4 axb4 40. g3 h4 41.
Qd4 hxg3+ 42. Kxg3 e5 43. fxe5 Rxe5 44. h4 Kh7 45. Rd3 Qe7 46. Rf3 Re2 47. Qc4
f5 48. Kh3 Re4 49. Qd3 Qxh4+ 50. Kg2 Rg4+ 51. Kf1 Qh1+ 52. Ke2 Re4+ 53. Re3 Qg2+
54. Kd1 Qg1+ 55. Kd2 Qxe3+ 56. Qxe3 Rxe3 57. Kxe3 Kg7 58. Kd4 0-1

[Event "Sygnity Ekstraliga 2016"]
[Site "Gorzow Wlkp. - Wroclaw - Katowice"]
[Date "1899-12-30"]
[Round "1.7"]
[White "Kveinys, Aloyzas"]
[Black "Kryvoruchko, Yuriy"]
[Result "0-1"]
[WhiteTitle "GM"]
[BlackTitle "GM"]
[WhiteElo "2541"]
[BlackElo "2682"]

1. d4 Nf6 2. c4 e6 3. Nc3 Bb4 4. e3 O-O 5. Nge2 Re8 6. a3 Bf8 7. Ng3 d5 8. Be2
b6 9. O-O Bb7 10. cxd5 exd5 11. b4 g6 12. Qb3 h5 13. Bb5 Nbd7 14. Nge2 c6 15.
Bd3 Qc7 16. Bd2 c5 17. bxc5 bxc5 18. Bb5 c4 19. Qa4 Bd6 20. h3 a6 21. Bxd7 Nxd7
22. Na2 Bc6 23. Qa5 Qc8 24. Rfb1 Bc7 25. Qc3 Nf6 26. Qc1 Bd7 27. Qe1 Bf5 28. Rb2
Rb8 29. Rxb8 Bxb8 30. Rc1 Qd7 31. Nac3 Qd6 32. Ng3 Bd3 33. Nb1 h4 34. Bb4 Qc7
35. Ba5 Qd7 36. Nf1 Ne4 37. Nbd2 g5 38. Nxe4 Bxe4 39. Nh2 f5 40. Qb4 Bd6 41. Qb6
Qe6 42. Nf3 Bxa3 43. Qxe6+ Rxe6 44. Nxg5 Rg6 45. Rc3 Rxg5 46. Rxa3 Rxg2+ 47. Kf1
Rh2 48. Bc3 Bf3 49. Ke1 Rxh3 50. Rxa6 Rh1+ 51. Kd2 Rd1+ 52. Kc2 Rf1 53. Rh6 Rxf2+
54. Kc1 Rh2 55. Be1 Rh1 0-1

[Event "Sygnity Ekstraliga 2016"]
[Site "Gorzow Wlkp. - Wroclaw - Katowice"]
[Date "1899-12-30"]
[Round "1.8"]
[White "Piorun, Kacper"]
[Black "Dziuba, Marcin"]
[Result "1-0"]
[WhiteTitle "GM"]
[BlackTitle "GM"]
[WhiteElo "2676"]
[BlackElo "2566"]

1. c4 e5 2. g3 Nf6 3. Bg2 d5 4. cxd5 Nxd5 5. Nc3 Nb6 6. e3 Be7 7. Nge2 O-O 8. O-O
Nc6 9. f4 f6 10. f5 Bd7 11. d4 Be8 12. d5 Nb4 13. a3 Na6 14. Qc2 c6 15. Rd1 Qc7
16. dxc6 Bxc6 17. e4 Be8 18. b4 Qc4 19. Qd3 Nc7 20. Be3 Qxd3 21. Rxd3 Nc4 22.
Bf2 a5 23. bxa5 Rxa5 24. Nd5 Nxd5 25. exd5 Nd6 26. Rb3 Bb5 27. Nc3 Bc4 28. Rb6
Bd3 29. g4 Rc8 30. Nd1 Rca8 31. Rc1 Rxa3 32. Bc5 R3a6 33. Nf2 Rxb6 34. Bxb6 Be2
35. h3 Rc8 36. Rb1 Kf7 37. Kh2 Ke8 38. Rb2 Ba6 39. Rb3 Rc2 40. Kg3 Bd8 41. Bf3
Bc4 42. Rb4 Rc3 43. Kg2 Be7 44. Ra4 Ba6 45. Ne4 Nxe4 46. Bxe4 Rb3 47. Bf2 Ra3
48. Rxa3 Bxa3 49. Be3 Bc4 50. g5 b5 51. h4 Bf8 52. Kf2 Kd7 53. g6 hxg6 54. fxg6
b4 55. Ke1 Ba2 56. h5 Bc4 57. Bc5 Ke8 58. d6 Bb5 59. Bxb4 Kd7 60. Bf5+ Kd8 61.
Kf2 Bc6 62. Ke3 Ba4 63. Be6 Bc6 64. Ba5+ Ke8 65. d7+ Bxd7 66. Bf7+ Ke7 67. Bb4+
Kd8 68. Bxf8 1-0

[Event "Sygnity Ekstraliga 2016"]
[Site "Gorzow Wlkp. - Wroclaw - Katowice"]
[Date "1899-12-30"]
[Round "1.9"]
[White "Weichhold, Pawel"]
[Black "Dragun, Kamil"]
[Result "0-1"]
[WhiteTitle "IM"]
[BlackTitle "GM"]
[WhiteElo "2395"]
[BlackElo "2599"]

1. e4 c6 2. d4 d5 3. e5 Bf5 4. Nd2 e6 5. Nb3 Nd7 6. Nf3 Ne7 7. Be2 Nc8 8. O-O Be7
9. Bd3 Bxd3 10. Qxd3 Ncb6 11. Re1 Rc8 12. Bf4 c5 13. dxc5 Nxc5 14. Nxc5 Bxc5 15.
c3 Nd7 16. Re2 Bb6 17. Nd4 Bxd4 18. cxd4 O-O 19. Qg3 f5 20. exf6 Qxf6 21. Bd6
Rfe8 22. Qd3 Rc4 23. Rd1 Rec8 24. h3 R8c6 25. Ba3 Qg6 26. Qe3 h6 27. Kh2 Kh7 28.
Rde1 Qf5 29. Be7 e5 30. dxe5 Re4 31. Qg3 Rg6 32. Qc3 Nxe5 33. Kh1 d4 34. Qc5 Rxe2
35. Rxe2 Qb1+ 36. Kh2 Nf3+ 0-1

[Event "Sygnity Ekstraliga 2016"]
[Site "Gorzow Wlkp. - Wroclaw - Katowice"]
[Date "1899-12-30"]
[Round "1.10"]
[White "Krasenkow, Michal"]
[Black "Jakubiec, Artur"]
[Result "1/2-1/2"]
[WhiteTitle "GM"]
[BlackTitle "GM"]
[WhiteElo "2610"]
[BlackElo "2515"]

1. d4 d6 2. e4 Nf6 3. Nc3 e5 4. Nf3 Nbd7 5. h3 c6 6. g4 Qa5 7. Bd2 h6 8. Qe2 b5
9. Nd5 Qd8 10. Nxf6+ Qxf6 11. g5 hxg5 12. Bxg5 Qe6 13. a4 f6 14. Bd2 bxa4 15.
Rxa4 Nb6 16. Ra5 Qf7 17. b3 Be7 18. Rg1 Bd8 19. dxe5 dxe5 20. Qe3 Be6 21. Bb4
Qd7 22. Qc3 Be7 23. Bxe7 Qxe7 24. Qxc6+ Kf7 25. Qc5 Qb7 26. Qe3 Rad8 27. h4 Rd7
28. Bd3 Rhd8 29. Nd2 Qc7 30. Ke2 Kg8 31. Rga1 Qb8 32. Qg3 Bf7 33. Qg4 Re7 34.
Rg1 Be8 35. h5 Qd6 36. Nc4 Qb4 37. Rga1 Nxc4 38. Bxc4+ Kh7 39. Rxa7 Rd2+ 40. Kf1
Rxa7 41. Rxa7 Rxf2+ 42. Kxf2 Qc5+ 43. Kg2 Qxa7 44. h6 Bg6 45. hxg7 Kxg7 46. Qe2
Qd4 47. Bd3 Kh6 48. Qe1 Kg7 49. b4 Kf7 50. b5 Ke6 51. Qe2 Ke7 52. Qg4 Bf7 53.
Kf3 Qa1 54. Ke2 Qh1 55. Kd2 Qh6+ 56. Kc3 Qe3 57. Qh4 Qd4+ 58. Kd2 Qg1 59. c3 Bb3
60. Be2 Qb1 61. Qg3 Qc2+ 62. Ke1 Qxe4 63. Qg7+ Bf7 64. c4 Qd4 65. Kf1 Qf4+ 66.
Ke1 Qc1+ 1/2-1/2

[Event "Sygnity Ekstraliga 2016"]
[Site "Gorzow Wlkp. - Wroclaw - Katowice"]
[Date "1899-12-30"]
[Round "1.11"]
[White "Pakleza, Zbigniew"]
[Black "Kanarek, Marcel"]
[Result "0-1"]
[WhiteTitle "GM"]
[BlackTitle "IM"]
[WhiteElo "2506"]
[BlackElo "2535"]

1. d4 Nf6 2. Bf4 g6 3. e3 Bg7 4. Nf3 O-O 5. Be2 d6 6. h3 Nc6 7. O-O e5 8. dxe5
Ne4 9. Bh2 dxe5 10. Bb5 Qe7 11. Qd3 Bf5 12. Bxc6 bxc6 13. Qa3 Qd6 14. Qa5 f6 15.
Nd4 Qd5 16. Nb3 Bh6 17. Re1 Rfd8 18. Na3 Ng5 19. Qxd5+ cxd5 20. c4 c6 21. Na5
Rdc8 22. f4 Nf7 23. g4 Be6 24. e4 dxe4 25. Rxe4 f5 26. Ree1 fxg4 27. hxg4 Bxg4
28. fxe5 Bd2 29. Nb3 Bxe1 30. Rxe1 Ng5 31. Nd2 Rd8 32. Nab1 Rd3 33. e6 Bxe6 34.
Kh1 Bg4 35. Bf4 Nf3 36. Re7 Nxd2 37. Nxd2 Rd7 38. Re1 Rad8 39. Ne4 Bf3+ 0-1

[Event "Sygnity Ekstraliga 2016"]
[Site "Gorzow Wlkp. - Wroclaw - Katowice"]
[Date "1899-12-30"]
[Round "1.12"]
[White "Zawadzka, Beata"]
[Black "Jakubiec, Edyta"]
[Result "1-0"]
[WhiteTitle "WGM"]
[BlackTitle "WIM"]
[WhiteElo "2320"]
[BlackElo "2183"]

1. d4 d5 2. Bg5 c5 3. dxc5 Qa5+ 4. Nc3 e6 5. e4 Bxc5 6. exd5 Bb4 7. Bd2 Nf6 8.
a3 Bxc3 9. Bxc3 Qxd5 10. Qxd5 exd5 11. Bxf6 gxf6 12. O-O-O Be6 13. Ne2 Nc6 14.
Nd4 O-O-O 15. g3 Rhg8 16. Bg2 Rg4 17. f4 Rgg8 18. Nxe6 fxe6 19. f5 exf5 20. Bxd5
Rge8 21. Bxc6 bxc6 22. Rhe1 Re5 23. Rxd8+ Kxd8 24. Kd2 Kd7 25. Re3 Rb5 26. b3
Ra5 27. a4 Re5 28. Rd3+ Ke6 29. Rd4 Re4 30. Kd3 Re5 31. Rh4 Rd5+ 32. Kc4 Rd7 33.
Kc5 Rc7 34. b4 Ke5 35. c4 Rb7 36. a5 Rc7 37. Rf4 Rc8 38. Rh4 Rc7 39. Rd4 h6 40.
Rh4 Kd5+ 1-0

[Event "Sygnity Ekstraliga 2016"]
[Site "Gorzow Wlkp. - Wroclaw - Katowice"]
[Date "1899-12-30"]
[Round "1.14"]
[White "Matuszewski, Michal"]
[Black "Sliwerski, Radoslaw"]
[Result "1-0"]
[WhiteTitle "IM"]
[BlackTitle "k++"]
[WhiteElo "2468"]
[BlackElo "2089"]

1. d4 Nf6 2. Bg5 e6 3. e4 h6 4. Bxf6 Qxf6 5. c3 d6 6. Bd3 e5 7. Ne2 g6 8. O-O Bg7
9. f4 Qe7 10. Qb3 O-O 11. Nd2 c5 12. fxe5 cxd4 13. cxd4 dxe5 14. d5 Nd7 15. Rac1
Kh8 16. Rc7 Qd6 17. Qc2 f5 18. exf5 gxf5 19. Bxf5 Qxd5 20. Bh3 Rd8 21. Ne4 Nb6
22. Rxg7 Bxh3 23. Nf6 1-0

[Event "Sygnity Ekstraliga 2016"]
[Site "Gorzow Wlkp. - Wroclaw - Katowice"]
[Date "1899-12-30"]
[Round "1.20"]
[White "Antoniewski, Rafal"]
[Black "Navara, David"]
[Result "1/2-1/2"]
[WhiteTitle "GM"]
[BlackTitle "GM"]
[WhiteElo "2532"]
[BlackElo "2744"]

1. Nf3 c5 2. c4 Nc6 3. d4 cxd4 4. Nxd4 Nf6 5. Nc3 e6 6. a3 Bc5 7. Nb3 Bb6 8. Bf4
d5 9. cxd5 Nxd5 10. Nxd5 exd5 11. e3 O-O 12. Bd3 d4 13. exd4 Re8+ 14. Be3 Nxd4
15. O-O Nxb3 16. Qxb3 Bxe3 17. fxe3 Be6 18. Bc4 Bxc4 19. Qxc4 Qe7 20. Rf3 Rac8
21. Qb3 Rc7 22. Raf1 Qe6 23. Qxe6 Rxe6 24. Rd1 Kf8 25. Rd2 Ke7 26. Kf2 Rc1 27.
Rf4 Rf6 28. Rxf6 Kxf6 29. Kf3 Rb1 30. h3 Ke6 31. Rc2 a6 32. Ke4 f5+ 33. Kf3 g5
34. g4 h6 35. Rd2 Ke5 36. gxf5 Kxf5 37. Rd6 Rxb2 38. Rxh6 Rb3 39. a4 a5 40. Rd6
Ke5 41. Rg6 Kf5 42. Rd6 Ke5 43. Ke4+ 1/2-1/2

[Event "Sygnity Ekstraliga 2016"]
[Site "Gorzow Wlkp. - Wroclaw - Katowice"]
[Date "1899-12-30"]
[Round "1.22"]
[White "Maksimenko, Andrei"]
[Black "Gajewski, Grzegorz"]
[Result "1-0"]
[WhiteTitle "GM"]
[BlackTitle "GM"]
[WhiteElo "2477"]
[BlackElo "2610"]

1. Nf3 Nf6 2. c4 e6 3. Nc3 b6 4. g3 Bb7 5. Bg2 Bb4 6. O-O O-O 7. Qc2 c5 8. a3 Bxc3
9. Qxc3 d5 10. d4 cxd4 11. Qxd4 Nc6 12. Qh4 dxc4 13. Qxc4 Na5 14. Qa4 Bc6 15.
Qb4 Nd5 16. Qe4 Nb3 17. Rb1 Nc3 18. Qc2 Nxb1 19. Qxb3 Rc8 20. Bg5 f6 21. Qxe6+
Kh8 22. Be3 Re8 23. Qa2 Bxf3 24. exf3 Nd2 25. Rd1 Qd3 26. b4 Rc2 27. Qf7 Rec8
28. h4 Qe2 29. Rxd2 Qe1+ 30. Bf1 Rxd2 31. Bxd2 Qxd2 32. Qxa7 Qd4 33. Qb7 Re8 34.
Kg2 f5 35. Qf7 Qe5 36. a4 Rd8 37. h5 f4 38. g4 Qf6 39. Qb7 Qd6 40. a5 Rb8 41.
Qe4 bxa5 42. bxa5 Rd8 43. a6 Qd4 44. Qe7 Qd6 45. Qf7 Qf8 46. Qe6 Qd6 47. Qa2 Qc5
48. Bc4 h6 49. Qe2 Qd4 50. Bb5 Kh7 51. Bc6 Qa1 52. Qe7 Rc8 53. Be4+ Kh8 54. a7
1-0

[Event "Sygnity Ekstraliga 2016"]
[Site "Gorzow Wlkp. - Wroclaw - Katowice"]
[Date "1899-12-30"]
[Round "1.25"]
[White "Luch, Michal"]
[Black "Kempinski, Robert"]
[Result "1/2-1/2"]
[WhiteTitle "IM"]
[BlackTitle "GM"]
[WhiteElo "2445"]
[BlackElo "2615"]

1. e4 d6 2. d4 Nf6 3. Nc3 g6 4. Nf3 Bg7 5. Be3 a6 6. a4 b6 7. Qd2 Bb7 8. Bh6 O-O
9. h4 Bxe4 10. h5 Bxf3 11. gxf3 e6 12. hxg6 fxg6 13. Bxg7 Kxg7 14. Qh6+ Kg8 15.
Ne4 Qe7 16. Ng5 Nc6 17. O-O-O Nd8 18. Bh3 Re8 19. f4 Nf7 20. Qh4 Nxg5 21. fxg5
Nh5 22. Bg2 Rad8 23. Bf3 Qf7 24. Bxh5 gxh5 25. Qxh5 Qxh5 26. Rxh5 Rd7 27. Rdh1
Rg7 28. Kd2 Rf8 29. Ke3 Rf5 30. f4 e5 31. fxe5 dxe5 32. Ke4 Rf2 33. dxe5 Rxc2
34. R1h2 Rc4+ 35. Kf5 Rf7+ 36. Ke6 Rc6+ 37. Kd5 Rc5+ 38. Ke6 1/2-1/2

[Event "Sygnity Ekstraliga 2016"]
[Site "Gorzow Wlkp. - Wroclaw - Katowice"]
[Date "1899-12-30"]
[Round "1.27"]
[White "Skawinski, Arkadiusz"]
[Black "Kriebel, Tadeas"]
[Result "1/2-1/2"]
[WhiteTitle "FM"]
[BlackTitle "IM"]
[WhiteElo "2367"]
[BlackElo "2489"]

1. e4 e5 2. Nf3 Nc6 3. Bb5 f5 4. d4 fxe4 5. Nxe5 Nxe5 6. dxe5 c6 7. Nc3 cxb5 8.
Nxe4 d5 9. exd6 Nf6 10. O-O Nxe4 11. Qh5+ g6 12. Qe5+ Kf7 13. Qxh8 Nf6 14. Bg5
Be6 15. Rad1 Bg7 16. Qxd8 Rxd8 17. Rfe1 Bf8 18. Bf4 Nd5 19. Rd4 Bxd6 20. Bxd6
Rxd6 21. c3 Ra6 22. a3 Ra4 23. Rd2 Nf4 24. f3 Rc4 25. Re5 a6 26. g3 Nh5 27. Rd6
Ng7 28. g4 Rc6 29. Rd8 Ne8 30. Kf2 Rd6 31. Rxd6 Nxd6 32. Kg3 Bd7 33. Re2 Bc6 34.
Kf4 Nc4 35. h4 h6 36. Kg3 Nd6 37. Kf4 Nc8 38. Ke5 Nb6 39. Rf2 Nc4+ 40. Kd4 Bd7
41. a4 Kf6 42. axb5 axb5 43. b3 Ne5 44. Ke4 Bc6+ 45. Ke3 Nxf3 46. Rxf3+ Bxf3 47.
Kxf3 Ke5 48. Ke3 h5 49. Kf3 b6 50. gxh5 gxh5 51. Ke3 Ke4+ 52. Kxe4 1/2-1/2

[Event "Sygnity Ekstraliga 2016"]
[Site "Gorzow Wlkp. - Wroclaw - Katowice"]
[Date "1899-12-30"]
[Round "1.28"]
[White "Sieciechowicz, Marcin"]
[Black "Brodowski, Piotr"]
[Result "0-1"]
[WhiteTitle "IM"]
[BlackTitle "m"]
[WhiteElo "2437"]
[BlackElo "2453"]

1. d4 g6 2. c4 Bg7 3. e4 c5 4. d5 d6 5. Nc3 a6 6. Nf3 Bg4 7. h3 Bxc3+ 8. bxc3 Bxf3
9. Qxf3 Nd7 10. Be2 h6 11. Bf4 Ngf6 12. Qe3 g5 13. Bg3 Qc7 14. O-O O-O-O 15. Rab1
Kb8 16. Rb3 Ka7 17. Rfb1 Rb8 18. f4 gxf4 19. Bxf4 h5 20. Bf3 Ne5 21. Bxe5 dxe5
22. Qg5 Ne8 23. Bxh5 Nd6 24. Be2 f6 25. Qe3 Rbg8 26. Bg4 Rb8 27. Qe2 Qa5 28. Qb2
Qc7 29. Qe2 Qa5 30. Bd7 Rhd8 31. Be6 Qa4 32. Qb2 Qxc4 33. Ra3 b5 34. Qf2 Rb6 35.
Bf5 Nxe4 36. Qe3 Nd6 37. Be6 Qe4 38. Qc1 c4 39. Rb2 Nb7 40. Rf2 Nc5 41. Qh6 Nxe6
42. dxe6 Rxe6 43. Qg7 Qe3 0-1

[Event "Sygnity Ekstraliga 2016"]
[Site "Gorzow Wlkp. - Wroclaw - Katowice"]
[Date "1899-12-30"]
[Round "1.29"]
[White "Bronowicki, Mateusz"]
[Black "Zawadzki, Stanislaw"]
[Result "0-1"]
[WhiteTitle "FM"]
[BlackTitle "IM"]
[WhiteElo "2258"]
[BlackElo "2431"]

1. d4 d5 2. c4 c6 3. Nc3 Nf6 4. Nf3 dxc4 5. a4 Bf5 6. Ne5 Nd5 7. Nxc4 e6 8. Ne3
Nxe3 9. Bxe3 Bb4 10. f3 O-O 11. Bf2 e5 12. e4 Be6 13. dxe5 Qa5 14. Qc2 Qxe5 15.
Be2 Bc5 16. O-O Bxf2+ 17. Rxf2 Qc5 18. f4 f6 19. Bd3 a5 20. e5 f5 21. g4 g6 22.
gxf5 gxf5 23. Ne2 Na6 24. Ng3 Qxc2 25. Bxc2 Nb4 26. Nh5 Kf7 27. Nf6 Rg8+ 28. Kh1
Rad8 29. Rg1 Rxg1+ 30. Kxg1 h6 31. Bb1 Rd4 32. Nh5 Nd5 33. Ba2 Rxa4 34. Bxd5 Bxd5
35. Ng3 Be6 36. Ne2 b5 37. Kg2 Re4 38. Nc3 Rd4 39. Kf3 Rd3+ 40. Kg2 a4 41. Rf3
Rd4 42. Rf2 Bc4 43. Kg3 Bb3 44. Kf3 b4 45. Ke3 Rd8 46. Ne2 c5 47. Nc1 Bc4 48.
Rc2 Rd4 49. Kf3 Ke6 50. Kg3 Kd5 51. h4 b3 52. Rf2 Rd1 53. Ne2 Bxe2 54. Rxe2 Ke6
55. Kf3 Rd3+ 56. Kg2 c4 0-1

[Event "Sygnity Ekstraliga 2016"]
[Site "Gorzow Wlkp. - Wroclaw - Katowice"]
[Date "1899-12-30"]
[Round "1.30"]
[White "Szczepkowska-horowska, Karina"]
[Black "Bartel, Marta"]
[Result "1-0"]
[WhiteTitle "WGM"]
[BlackTitle "WGM"]
[WhiteElo "2411"]
[BlackElo "2270"]

1. d4 Nf6 2. c4 g6 3. Nc3 d5 4. Bf4 Bg7 5. e3 O-O 6. Rc1 Be6 7. cxd5 Nxd5 8. Nxd5
Qxd5 9. b3 c6 10. Qd2 Qd8 11. Bc4 Bxc4 12. Rxc4 Nd7 13. Nf3 Re8 14. Bg3 a5 15.
O-O e5 16. Bh4 Qb6 17. dxe5 Nxe5 18. Nxe5 Rxe5 19. Rd4 Rh5 20. Rd8+ Rxd8 21. Bxd8
Qb5 22. Qd7 Bf8 23. Qc8 Kg7 24. Bf6+ Kxf6 25. Qxf8 Qc5 26. Qh8+ Ke7 27. h3 Qd6
28. e4 Re5 29. Re1 h5 30. Re3 Kd7 31. Qg7 Re7 32. Qc3 Qe5 33. Qd2+ Kc7 34. Rd3
Kb6 35. Rd4 f5 36. Qe3 Kc7 37. f4 Qe6 38. e5 Rd7 39. Rxd7+ Qxd7 40. e6 Qd1+ 41.
Kh2 Kd8 42. Qb6+ Kc8 43. e7 Qd7 44. Qe3 Qe8 45. Qe6+ Kc7 46. Kg3 b5 47. Kh4 c5
48. Kg5 a4 49. bxa4 bxa4 50. a3 h4 51. Kf6 Qh8+ 52. Kxg6 Qe8+ 53. Kg5 c4 54. Qxc4+
Kd6 55. Qd4+ Ke6 56. Qe5+ Kd5 1-0

[Event "Sygnity Ekstraliga 2016"]
[Site "Gorzow Wlkp. - Wroclaw - Katowice"]
[Date "1899-12-30"]
[Round "2.1"]
[White "Swiercz, Dariusz"]
[Black "Kempinski, Robert"]
[Result "1/2-1/2"]
[WhiteTitle "GM"]
[BlackTitle "GM"]
[WhiteElo "2645"]
[BlackElo "2615"]

1. d4 d6 2. Nf3 g6 3. c4 Bg7 4. e4 Bg4 5. Be2 Bxf3 6. Bxf3 Nc6 7. Be3 e5 8. d5
Nd4 9. O-O Ne7 10. Nc3 c5 11. dxc6 bxc6 12. b4 O-O 13. Rb1 Qc7 14. Bxd4 exd4 15.
Ne2 c5 16. b5 Bh6 17. Nc1 Bxc1 18. Qxc1 Nc8 19. e5 Rb8 20. exd6 Qxd6 21. Qa3 Re8
22. Rfe1 Re7 23. Rxe7 Qxe7 24. Kf1 Nb6 25. Rc1 Rd8 26. Qd3 Qd6 27. g3 Re8 28.
Kg2 Re7 29. Ra1 Qe6 30. Rc1 Qd6 31. Ra1 1/2-1/2

[Event "Sygnity Ekstraliga 2016"]
[Site "Gorzow Wlkp. - Wroclaw - Katowice"]
[Date "1899-12-30"]
[Round "2.4"]
[White "Sieciechowicz, Marcin"]
[Black "Mastrovasilis, Dimitrios"]
[Result "0-1"]
[WhiteTitle "IM"]
[BlackTitle "GM"]
[WhiteElo "2437"]
[BlackElo "2606"]

1. d4 d5 2. c4 e6 3. Nc3 Bb4 4. a3 Bxc3+ 5. bxc3 Nf6 6. e3 c6 7. Bd3 e5 8. Ne2
e4 9. Bc2 O-O 10. O-O Nbd7 11. Ng3 Nb6 12. c5 Nc4 13. f3 Re8 14. Qe2 b5 15. cxb6
Nd6 16. fxe4 Nfxe4 17. Nxe4 Nxe4 18. bxa7 Rxa7 19. c4 Ba6 20. Bd3 h6 21. cxd5
Bxd3 22. Qxd3 cxd5 23. Bd2 Nxd2 24. Qxd2 Qe7 25. a4 Qxe3+ 26. Qxe3 Rxe3 27. a5
Rb3 28. Ra4 Ra6 29. Rc1 Rb2 30. Rc3 Kh7 31. Rf3 Rc6 32. a6 Rcc2 33. a7 Rxg2+ 34.
Kf1 Rxh2 35. Kg1 Rbg2+ 36. Kf1 Rc2 37. Kg1 Rcg2+ 38. Kf1 Ra2 39. Rxa2 Rxa2 40.
Rxf7 h5 41. Rf5 Kh6 42. Rxd5 Rxa7 43. Kf2 Ra3 44. Rd8 Kg5 45. d5 Kg4 46. d6 Rd3
47. Rg8 g5 48. Rg6 h4 49. Rh6 Rd5 50. Ke3 h3 51. Kf2 Rf5+ 52. Ke3 Rf7 53. Ke4
Kg3 54. Ke5 g4 55. Ke6 Ra7 56. d7 Rxd7 57. Kxd7 Kh2 0-1

[Event "Sygnity Ekstraliga 2016"]
[Site "Gorzow Wlkp. - Wroclaw - Katowice"]
[Date "1899-12-30"]
[Round "2.5"]
[White "Wieczorek, Oskar"]
[Black "Zawadzki, Stanislaw"]
[Result "1-0"]
[WhiteTitle "IM"]
[BlackTitle "IM"]
[WhiteElo "2432"]
[BlackElo "2431"]

1. e4 c5 2. Nf3 Nc6 3. d4 cxd4 4. Nxd4 Nf6 5. Nc3 d6 6. Bg5 e6 7. Qd2 a6 8. O-O-O
Bd7 9. f4 h6 10. Bh4 g5 11. fxg5 Ng4 12. Be2 Nge5 13. Nf3 Be7 14. Rhg1 b5 15.
a3 Rb8 16. Kb1 b4 17. axb4 Rxb4 18. Nxe5 dxe5 19. g6 fxg6 20. Bxe7 Qxe7 21. Bxa6
Nd4 22. b3 Kf7 23. Na2 Rb6 24. Qf2+ Kg7 25. Rxd4 Rxa6 26. Rgd1 Bc6 27. Rd6 Rha8
28. Qc5 Rxa2 29. Qxe5+ Kh7 30. Rxc6 Qg7 31. Rc7 1-0

[Event "Sygnity Ekstraliga 2016"]
[Site "Gorzow Wlkp. - Wroclaw - Katowice"]
[Date "1899-12-30"]
[Round "2.6"]
[White "Szczepkowska-horowska, Karina"]
[Black "Zawadzka, Jolanta"]
[Result "1/2-1/2"]
[WhiteTitle "WGM"]
[BlackTitle "WGM"]
[WhiteElo "2411"]
[BlackElo "2442"]

1. d4 d5 2. c4 e6 3. Nf3 Nf6 4. g3 Bb4+ 5. Bd2 Be7 6. Bg2 O-O 7. O-O c6 8. Qc2
b6 9. Bf4 Bb7 10. Rd1 Nbd7 11. Nc3 dxc4 12. Nd2 Nd5 13. Nxc4 Nxf4 14. gxf4 Qc7
15. e3 Rac8 16. Rac1 Rfd8 17. a3 a5 18. Qb1 b5 19. Ne5 Nxe5 20. fxe5 b4 21. axb4
Bxb4 22. Qe4 Ba6 23. Bf1 Bxf1 24. Rxf1 Qb6 25. Na4 Qb5 26. Nc5 Rd5 27. Nd3 c5
28. Nf4 Rdd8 29. d5 exd5 30. Nxd5 c4 31. Rfd1 1/2-1/2

[Event "Sygnity Ekstraliga 2016"]
[Site "Gorzow Wlkp. - Wroclaw - Katowice"]
[Date "1899-12-30"]
[Round "2.7"]
[White "Heberla, Bartlomiej"]
[Black "Luch, Michal"]
[Result "1-0"]
[WhiteTitle "GM"]
[BlackTitle "IM"]
[WhiteElo "2541"]
[BlackElo "2445"]

1. d4 d5 2. Nf3 Nf6 3. c4 c6 4. Nc3 g6 5. Bf4 Bg7 6. e3 a6 7. Qb3 b6 8. cxd5 cxd5
9. Bxb8 Rxb8 10. Bxa6 Bxa6 11. Qa4+ b5 12. Qxa6 Rb6 13. Qa5 Qb8 14. a4 bxa4 15.
Qxa4+ Nd7 16. Nxd5 Rxb2 17. Qc6 O-O 18. Nxe7+ Kh8 19. O-O Nf6 20. Rac1 Qb3 21.
Ne5 Re8 22. Rc3 Qa2 23. Ra3 Qxa3 24. Nxf7# 1-0